The dragon and the sun lotus / (Record no. 129594)

MARC details
000 -LEADER
fixed length control field 01405cam a2200385 i 4500
001 - CONTROL NUMBER
control field 1523849381
003 - CONTROL NUMBER IDENTIFIER
control field MaObMVR
005 - DATE AND TIME OF LATEST TRANSACTION
control field 20260407141544.0
007 - PHYSICAL DESCRIPTION FIXED FIELD--GENERAL INFORMATION
fixed length control field t|
008 - FIXED-LENGTH DATA ELEMENTS--GENERAL INFORMATION
fixed length control field 251124s2026 nyub d 000 1 eng c
010 ## - LIBRARY OF CONGRESS CONTROL NUMBER
LC control number 2025024399
020 ## - INTERNATIONAL STANDARD BOOK NUMBER
International Standard Book Number 9780593813881
Qualifying information hardcover
020 ## - INTERNATIONAL STANDARD BOOK NUMBER
International Standard Book Number 9780593813911
Qualifying information trade paperback
035 ## - SYSTEM CONTROL NUMBER
System control number (OCoLC)1523849381
040 ## - CATALOGING SOURCE
Original cataloging agency DLC
Language of cataloging eng
Description conventions rda
Transcribing agency DLC
Modifying agency DLC-MRC
-- DLC
-- TnLvILS
042 ## - AUTHENTICATION CODE
Authentication code pcc
-- cyac
100 1# - MAIN ENTRY--PERSONAL NAME
Personal name Zhao, Amelie Wen,
Relator term author.
Relator code aut.
-- http://id.loc.gov/vocabulary/ relators/aut
9 (RLIN) 44140
245 14 - TITLE STATEMENT
Title The dragon and the sun lotus /
Statement of responsibility, etc Amelie Wen Zhao.
300 ## - PHYSICAL DESCRIPTION
Extent 386 pages :
Other physical details map ;
Dimensions 24 cm.
490 0# - SERIES STATEMENT
Series statement The three realms ;
Volume number/sequential designation 2.
520 ## - SUMMARY, ETC.
Summary, etc "With An'ying's kingdom teetering on the brink of destruction, and amidst a budding forbidden romance, she must now risk everything to protect her world"--
521 ## - TARGET AUDIENCE NOTE
Target audience note Ages 14 and up
Source Delacorte Press.
650 #0 - SUBJECT ADDED ENTRY--TOPICAL TERM
Topical term or geographic name as entry element Demonology
Form subdivision Fiction.
650 #0 - SUBJECT ADDED ENTRY--TOPICAL TERM
Topical term or geographic name as entry element Immortality
Form subdivision Fiction.
650 #1 - SUBJECT ADDED ENTRY--TOPICAL TERM
Topical term or geographic name as entry element Demons
Form subdivision Fiction.
9 (RLIN) 55656
650 #1 - SUBJECT ADDED ENTRY--TOPICAL TERM
Topical term or geographic name as entry element Immortality
Form subdivision Fiction.
650 #1 - SUBJECT ADDED ENTRY--TOPICAL TERM
Topical term or geographic name as entry element Kings, queens, rulers, etc.
Form subdivision Fiction.
650 #1 - SUBJECT ADDED ENTRY--TOPICAL TERM
Topical term or geographic name as entry element Fantasy.0http://id.loc.gov/authorities/childrensSubjects/ sj2001010209.
9 (RLIN) 55657
650 #1 - SUBJECT ADDED ENTRY--TOPICAL TERM
Topical term or geographic name as entry element Romance stories.
9 (RLIN) 42809
655 #7 - INDEX TERM--GENRE/FORM
Genre/form data or focus term Fantasy fiction.
Source of term lcgft
655 #7 - INDEX TERM--GENRE/FORM
Genre/form data or focus term Romance fiction.
Source of term lcgft
655 #7 - INDEX TERM--GENRE/FORM
Genre/form data or focus term Novels.
Source of term lcgft
907 ## - LOCAL DATA ELEMENT G, LDG (RLIN)
a .b515037643
942 ## - ADDED ENTRY ELEMENTS (KOHA)
Source of classification or shelving scheme Dewey Decimal Classification
Koha item type Book
Holdings
Withdrawn status Lost status Source of classification or shelving scheme Damaged status Not for loan Home library Current library Shelving location Date acquired Total Checkouts Full call number Barcode Date last seen Cost, replacement price Price effective from Koha item type
  Available Dewey Decimal Classification     Martha's Vineyard High School Library Martha's Vineyard High School Library FANTASY 04/07/2026   FIC/ZHA 39844500071319 04/07/2026 23.00 04/07/2026 Book